000 01129 a2200241 4500
005 20080911163745.0
008 080911t xxu||||| |||| 00| 0 hin d
010 _aHIN-79766
020 _a8188701009
_c100.00
035 _aHN-52112
037 _bD.B.Act / pub
082 _a
100 _aशर्मा, सुभाष
245 _aअगले जनम में.../
_cसुभाष शर्मा
246 _aAagle janam me
_bby Subhay Sharma
260 _aदिल्ली
_bमीनू पब्लिकेशन्स
_c2006
270 _aबी-33/2238,प्रथम मंजिल,पहला पुस्ता सोनिया विहार
_bदिल्ली
_e110094
_k011-22968185
300 _a95पृ
_c22 सेमी (सजिल्द)
650 _aहिन्दी उपन्यास
650 _aHindi Novel
942 _adpl
_cHN
_kउ / शर्मासु
_2ddc
_h
_mशर्मासु
999 _c3654
_d3654